[Event "large blitz knockout"]
[Site "SchemingMind.com"]
[Date "2007.05.08"]
[Round "-"]
[White "martin_"]
[Black "mebalse"]
[Result "0-1"]
[WhiteCountry "GER"]
[BlackCountry "URU"]
[WhiteElo "1630"]
[WhiteRD "76"]
[BlackElo "1960"]
[BlackRD "79"]
[GameID "104055"]

1. e4 e6 2. d4 d5 3. e5 c5 4. Nf3 Qb6 5. Be3 Qxb2 6. Nbd2 Nc6 7. Nb3 cxd4 8. Bxd4 Nxd4 9. Nfxd4 Bb4+ 10. Ke2 b6
11. f3 Ne7 12. Kf2 O-O 13. Bd3 Bc3
0-1

[Event "large blitz knockout"]
[Site "SchemingMind.com"]
[Date "2007.05.08"]
[Round "-"]
[White "mebalse"]
[Black "martin_"]
[Result "1-0"]
[WhiteCountry "URU"]
[BlackCountry "GER"]
[WhiteElo "1960"]
[WhiteRD "79"]
[BlackElo "1630"]
[BlackRD "76"]
[GameID "104061"]

1. d4 Nf6 2. c4 g6 3. Nc3 Bg7 4. e4 d6 5. b3 O-O 6. Bb2 e5 7. d5 Nbd7 8. Qc2 Nh5 9. Be2 Qg5 10. g3 f5
11. h4 Qh6 12. Bc1 f4 13. g4 g5 14. hxg5
1-0

[Event "large blitz knockout"]
[Site "SchemingMind.com"]
[Date "2007.05.10"]
[Round "-"]
[White "jtrochez1"]
[Black "snoodie05"]
[Result "1/2-1/2"]
[WhiteCountry "HON"]
[BlackCountry "USA"]
[WhiteElo "1559"]
[WhiteRD "45"]
[BlackElo "1459"]
[BlackRD "79"]
[GameID "104591"]

1. e4 e5 2. Nf3 Qf6 3. d3 Nc6 4. Nc3 h6 5. Nd5 Qd8 6. a3 Nf6 7. Nxf6+ Qxf6 8. Be3 a6 9. c3 Be7 10. d4 d6
11. d5 Nd8 12. h3 g5=
1/2-1/2

[Event "large blitz knockout"]
[Site "SchemingMind.com"]
[Date "2007.05.10"]
[Round "-"]
[White "snoodie05"]
[Black "jtrochez1"]
[Result "0-1"]
[WhiteCountry "USA"]
[BlackCountry "HON"]
[WhiteElo "1439"]
[WhiteRD "83"]
[BlackElo "1569"]
[BlackRD "49"]
[GameID "104599"]

1. e4 c5 2. Nf3 d6 3. h3 Nc6 4. Bb5 Bd7 5. a3 a6 6. Bxc6 Bxc6 7. Qe2 e5 8. Nc3 Nf6 9. d3 h6 10. g4 Qd7
11. Be3 Be7 12. Nh4 Nxe4 13. dxe4 Bxh4 14. O-O-O Qc7 15. f4 f6 16. fxe5 fxe5 17. g5 hxg5 18. Qg4 Bd7 19. Nd5 Qd8 20. Nc3 Bxg4
21. hxg4 Qa5 22. Bd2 O-O-O 23. Nd5 Qb5 24. Rh3 Qe2 25. Re3 Qxg4 26. Rf1 Qg2 27. Ba5 Qxf1+ 28. Kd2 Qf2+ 29. Re2 Qd4+ 30. Kc1 b6
31. Nxb6+ Kb7 32. Nd5 Rd7 33. Bc3 Qg1+ 34. Kd2 Bf2 35. b4 Rh2 36. Bb2 Be1+ 37. Kd3 c4+ 38. Kxc4 Rxe2 39. Kb3 Rxe4 40. Ka4 Rc7
41. Nxc7 Kxc7 42. Kb3 a5 43. b5 Qe3+ 44. c3 Bxc3 45. Bxc3 g4 46. Kb2 Qxc3+
0-1

[Event "large blitz knockout"]
[Site "SchemingMind.com"]
[Date "2007.05.19"]
[Round "-"]
[White "tacticrules"]
[Black "montinskij"]
[Result "1-0"]
[WhiteCountry "GER"]
[BlackCountry "USA"]
[WhiteElo "1685"]
[WhiteRD "51"]
[BlackElo "1580"]
[BlackRD "216"]
[GameID "105975"]

1. Nf3 Nf6 2. c4 e6 3. Nc3 d5 4. e3 c5 5. d4 Nc6 6. a3 dxc4 7. Bxc4 a6 8. O-O b5 9. Ba2 Bb7 10. dxc5 Bxc5
11. b4 Be7 12. Bb2 O-O 13. Qc2 Qc7 14. Rad1 Rac8 15. Qe2 Ng4 16. h3 Nf6 17. Nd4 Nxd4 18. Rxd4 Bd6 19. Rc1 Rfd8 20. Ne4 Qb6
21. Rxc8 Bxc8 22. Nxf6+ gxf6 23. Rh4 e5 24. Qh5 Qc7 25. Qxh7+ Kf8 26. Rh6 Ke8 27. Rxf6 Rd7 28. f4 exf4 29. Qg8+ Bf8 30. Rxf4 Rd1+
31. Kh2 Be6 32. Bxe6 fxe6 33. Qxf8+ Kd7 34. Qf7+ Kc6 35. Qxe6+ Rd6 36. Qe4+ Rd5 37. Kh1 Qd7 38. Rf6+ Kc7 39. Be5+ Kd8 40. Rf8+ Ke7
41. Rh8 Rd1+ 42. Kh2 Kf7 43. Rh7+
1-0

[Event "large blitz knockout"]
[Site "SchemingMind.com"]
[Date "2007.05.19"]
[Round "-"]
[White "montinskij"]
[Black "tacticrules"]
[Result "1-0"]
[WhiteCountry "USA"]
[BlackCountry "GER"]
[WhiteElo "1754"]
[WhiteRD "259"]
[BlackElo "1625"]
[BlackRD "58"]
[GameID "105978"]

1. e4 e6 2. d4 d5 3. Nc3 Nf6 4. Bg5 Bb4 5. e5 h6 6. Bd2 Bxc3 7. bxc3 Ne4 8. Qg4 g6 9. Bd3 Nxd2 10. Kxd2 c5
11. h4 c4 12. Be2 h5 13. Qf4 Nc6 14. Nh3 Qe7 15. Ng5 Bd7 16. g4 hxg4 17. Bxg4 Rf8 18. Nh7 Rh8 19. Nf6+ Kd8 20. h5 gxh5
21. Rxh5 Kc7 22. Nxd5+ exd5 23. e6+ Kb6 24. exd7 Rxh5 25. Bxh5 Qxd7 26. Rb1+ Ka6 27. Qxf7 Qxf7 28. Bxf7 Ne7 29. Re1 Nc6 30. Bxd5 Na5
31. Kc1 Rf8 32. Re2 Rf5 33. Be6 Rf6 34. Kb2 b5 35. d5 Nb7 36. Bc8
1-0

[Event "large blitz knockout"]
[Site "SchemingMind.com"]
[Date "2007.05.27"]
[Round "-"]
[White "spoke"]
[Black "cnbcad"]
[Result "1-0"]
[WhiteCountry "GER"]
[BlackCountry "USA"]
[WhiteElo "1726"]
[WhiteRD "63"]
[BlackElo "1536"]
[BlackRD "56"]
[GameID "106312"]

1. e4 e5 2. Nf3 Nc6 3. Bc4 h6 4. d4 d6 5. dxe5 dxe5 6. Qxd8+ Nxd8 7. Nxe5 Be6 8. Nd2 Bxc4 9. Ndxc4 Nf6 10. f3 Bc5
11. Be3 Bxe3 12. Nxe3 O-O 13. Nd5 Nxd5 14. exd5 Re8 15. f4 f6 16. O-O-O
1-0

[Event "large blitz knockout"]
[Site "SchemingMind.com"]
[Date "2007.05.23"]
[Round "-"]
[White "boutdem"]
[Black "Gilligan"]
[Result "1-0"]
[WhiteCountry "GRE"]
[BlackCountry "USA"]
[WhiteElo "1752"]
[WhiteRD "78"]
[BlackElo "1652"]
[BlackRD "72"]
[GameID "106424"]

1. d4 Nf6 2. e3 g6 3. Nf3 Bg7 4. c4 O-O 5. c5 d6 6. b4 Nd5 7. Qb3 c6 8. Bb2 h6 9. Nc3 Be6 10. Bc4 Nc7
11. Rd1 d5 12. Bd3 Nd7 13. h3 Rb8 14. g4 Nf6 15. Qc2 Bd7 16. g5 hxg5 17. Nxg5 Bh6 18. h4 Kg7 19. f3 Ne6 20. Qg2 Nh7
21. f4 f5 22. Rh3 Bxg5 23. hxg5 Rh8 24. Kd2 Qg8 25. Rdh1 Kf7 26. Ne2 Rf8 27. Ng1 Ke8 28. Nf3 Kd8 29. Ne5 Ng7 30. a4 Kc7
31. Nxg6 Rc8 32. Nxh8 Qxh8 33. Rxh7 Qg8 34. R1h6 Qf8 35. Qh1 b6 36. Ba6 bxc5 37. Bxc8 Bxc8 38. bxc5 Ba6 39. Rh8 Qf7 40. Bc3 e6
41. R6h7 Kd7 42. Qh6 Bc8 43. Rxg7
1-0

[Event "large blitz knockout"]
[Site "SchemingMind.com"]
[Date "2007.05.23"]
[Round "-"]
[White "Gilligan"]
[Black "boutdem"]
[Result "0-1"]
[WhiteCountry "USA"]
[BlackCountry "GRE"]
[WhiteElo "1652"]
[WhiteRD "72"]
[BlackElo "1752"]
[BlackRD "78"]
[GameID "106433"]

1. e4 c5 2. Nf3 d6 3. d4 cxd4 4. Nxd4 Nf6 5. Bd3 e5 6. Nb3 Be7 7. h3 Be6 8. O-O Nc6 9. N3d2 Rc8 10. Bb5 a6
11. Ba4 Qa5 12. Nc3 b5 13. Bb3 Bxb3 14. Nxb3 Qc7 15. a3 O-O 16. Bg5 h6 17. Bxf6 Bxf6 18. Nd5 Qd8 19. Qf3 Bg5 20. Rad1 Ne7
21. Nxe7+ Qxe7 22. c3 Rc6 23. Nd2 Rfc8 24. Qd3 Qe6 25. Nf3 Be7 26. Nh2 Qb3 27. f4 Qxb2 28. Qg3 Rxc3 29. Nf3 Rxa3 30. fxe5 dxe5
31. Qg4 Rc2 32. Ne1 Rc7 33. Qf5 Bg5 34. Rd7 Rxd7 35. Qxd7 Qd4+ 36. Qxd4 exd4 37. Nc2 Rc3 38. e5 Rxc2
0-1

[Event "large blitz knockout"]
[Site "SchemingMind.com"]
[Date "2007.05.25"]
[Round "-"]
[White "sidra"]
[Black "Mayaune"]
[Result "1-0"]
[WhiteCountry "HUN"]
[BlackCountry "FRA"]
[WhiteElo "1688"]
[WhiteRD "83"]
[BlackElo "1354"]
[BlackRD "91"]
[GameID "106729"]

1. d4 d5 2. e3 Nf6 3. f3 Bf5 4. c4 dxc4 5. Bxc4 e6 6. a3 Bxb1 7. Rxb1 Bd6 8. Ne2 O-O 9. O-O c6 10. b4 Qc7
11. g3 Nd5 12. f4 Nd7 13. e4 N5b6 14. Bd3 g6 15. e5 Be7 16. b5 c5 17. a4 cxd4 18. Nxd4 Bc5 19. Be3 Nd5 20. Qd2
1-0

[Event "large blitz knockout"]
[Site "SchemingMind.com"]
[Date "2007.05.25"]
[Round "-"]
[White "hitman84"]
[Black "Manfred Kraut"]
[Result "1-0"]
[WhiteCountry "IND"]
[BlackCountry "GER"]
[WhiteElo "1845"]
[WhiteRD "132"]
[BlackElo "1303"]
[BlackRD "73"]
[GameID "106730"]

1. e4 e5 2. Nf3 Nc6 3. Bb5 d5 4. O-O Qd6 5. d4 dxe4 6. Nxe5 a6 7. Bxc6+ bxc6 8. Re1 Nf6 9. Bf4 Qe6 10. Nc3 Bd6
11. Nxe4 Nxe4 12. Rxe4 O-O 13. Qe1 Bxe5 14. Rxe5 Qd7 15. Rd1 Bb7 16. c3 Rfe8 17. Rxe8+ Rxe8 18. Qd2 c5 19. f3 cxd4 20. Qxd4 Qxd4+
21. Rxd4 h6 22. Bxc7 Re1+ 23. Kf2 Ra1 24. a3 Ra2 25. Rb4 f6 26. Rxb7 Kh7 27. Ba5 Kg6 28. c4
1-0

[Event "large blitz knockout"]
[Site "SchemingMind.com"]
[Date "2007.05.25"]
[Round "-"]
[White "Mayaune"]
[Black "sidra"]
[Result "0-1"]
[WhiteCountry "FRA"]
[BlackCountry "HUN"]
[WhiteElo "1354"]
[WhiteRD "91"]
[BlackElo "1688"]
[BlackRD "83"]
[GameID "106737"]

1. e4 e5 2. Nf3 d6 3. Bc4 h6 4. O-O Nf6 5. d3 c6 6. Be3 Nbd7 7. Nc3 b5 8. Bb3 a5 9. a4 b4 10. Ne2 c5
11. Ng3 g6 12. c3 bxc3 13. bxc3 Bb7 14. Rb1 Rb8 15. Nh4 h5 16. f4 exf4 17. Bxf4 Be7 18. Bc4 Bc6
0-1

[Event "large blitz knockout"]
[Site "SchemingMind.com"]
[Date "2007.05.26"]
[Round "-"]
[White "Manfred Kraut"]
[Black "hitman84"]
[Result "0-1"]
[WhiteCountry "GER"]
[BlackCountry "IND"]
[WhiteElo "1303"]
[WhiteRD "73"]
[BlackElo "1845"]
[BlackRD "132"]
[GameID "106738"]

1. e4 c5 2. d4 cxd4 3. c3 dxc3 4. Nxc3 Nc6 5. Nf3 d6 6. Be3 g6 7. Bd3 Bg7 8. Qb3 Nf6 9. Ng5 O-O 10. Bc4 Ne5
11. Nd5 Nxc4 12. Qxc4 h6 13. Nxf6+ Bxf6 14. Nf3 Bxb2 15. Rb1 Bg7 16. O-O Be6 17. Qa4 b6 18. h3 Qd7 19. Qxd7 Bxd7 20. Rfd1 Rfc8
21. g4 Rc2 22. Rd2 Rac8 23. Nd4 Rxd2 24. Bxd2 Bxd4 25. Bxh6 Rc2 26. Be3 Bxe3 27. fxe3 Rxa2 28. Rc1 b5 29. Rc7 Be6 30. Rxe7 b4
0-1

[Event "large blitz knockout"]
[Site "SchemingMind.com"]
[Date "2007.05.27"]
[Round "-"]
[White "Quaff"]
[Black "Bjorno84"]
[Result "0-1"]
[WhiteCountry "ENG"]
[BlackCountry "USA"]
[WhiteElo "1698"]
[WhiteRD "121"]
[BlackElo "1831"]
[BlackRD "96"]
[GameID "106962"]

1. e4 c5 2. Nf3 d6 3. c3 Nf6 4. d3 Nc6 5. h3 g6 6. Be2 Bg7 7. Be3 O-O 8. Nh2 b6 9. f4 e5 10. f5 gxf5
11. exf5 Bxf5 12. O-O Bg6 13. Nd2 Nb8 14. Bg5 Nbd7 15. Ne4 d5 16. Nxf6+ Bxf6 17. Bh6 Bg7 18. Qd2 f5 19. Nf3 f4 20. Bxg7 Kxg7
21. Nh2 Qe7 22. Ng4 Nf6 23. Rae1 Rae8 24. Bf3 Nxg4 25. Bxg4 d4 26. c4 h5 27. Bd1 Qg5 28. Rf3 h4 29. Rff1 Bf5 30. Kh1 Kh6
31. Bf3 Qg6 32. Rd1 Rg8 33. Qe2 Qf6 34. Bd5 Rg3 35. Rf3 Bg6 36. Rxg3 hxg3 37. Qg4 Bh5 38. Qd7 Re7
0-1

[Event "large blitz knockout"]
[Site "SchemingMind.com"]
[Date "2007.05.27"]
[Round "-"]
[White "Bjorno84"]
[Black "Quaff"]
[Result "1-0"]
[WhiteCountry "USA"]
[BlackCountry "ENG"]
[WhiteElo "1831"]
[WhiteRD "96"]
[BlackElo "1698"]
[BlackRD "121"]
[GameID "106968"]

1. d4 d6 2. e4 c5 3. dxc5 Qa5+ 4. Nc3 Qxc5 5. Be3 Qb4 6. Rb1 Nf6 7. f3 g6 8. Bd2 Bg7 9. Nd5 Qa4 10. Nc7+ Kf8
11. a3 a6 12. Nxa8 Qc6 13. Be3 Nbd7 14. g3 b6 15. Bh3 Qxa8 16. Bxd7 Nxd7 17. Bd4 f6 18. Be3 Qc6 19. Nh3 Ne5 20. Nf2 Kf7
21. Nd3 Nxd3+ 22. Qxd3 b5 23. Qd5+ Qxd5 24. exd5 Bh3 25. Kf2 Bf5 26. Rbc1 Bd7 27. c4 bxc4 28. Rxc4 f5 29. Bd4 Bxd4+ 30. Rxd4 Rc8
31. Rd2 Bb5 32. Re1 Rc5 33. Re3 g5 34. Rc3 Rxc3 35. bxc3 h5 36. Ke3 Kf6 37. Kd4 g4 38. fxg4 hxg4 39. c4 Bd7 40. Rb2 a5
41. Rb7 Be8 42. Rb8 Bd7 43. Rd8 Ba4 44. Ra8
1-0

[Event "large blitz knockout"]
[Site "SchemingMind.com"]
[Date "2007.05.29"]
[Round "-"]
[White "nupshawjr"]
[Black "time_pressure"]
[Result "0-1"]
[WhiteCountry "USA"]
[BlackCountry "USA"]
[WhiteElo "1501"]
[WhiteRD "84"]
[BlackElo "2012"]
[BlackRD "97"]
[GameID "107156"]

1. e4 c6 2. d4 d5 3. exd5 cxd5 4. Nf3 Nc6 5. Be2 Bg4 6. O-O e6 7. c3 Bd6 8. Bd2 Nge7 9. Bg5 f6 10. Bh4 Nf5
11. c4 Bxf3 12. Bxf3 Nxh4 13. cxd5 Nxf3+ 14. Qxf3 Nxd4 15. Qe4 e5 16. Re1 O-O 17. Nc3 f5 18. Qf3 Nxf3+
0-1

[Event "large blitz knockout"]
[Site "SchemingMind.com"]
[Date "2007.05.29"]
[Round "-"]
[White "time_pressure"]
[Black "nupshawjr"]
[Result "1-0"]
[WhiteCountry "USA"]
[BlackCountry "USA"]
[WhiteElo "1987"]
[WhiteRD "123"]
[BlackElo "1460"]
[BlackRD "80"]
[GameID "107162"]

1. e4 d5 2. exd5 Nf6 3. Bb5+ Bd7 4. Bxd7+ Qxd7 5. Ne2 Qxd5 6. O-O e5 7. Nbc3 Qd7 8. d4 Bb4 9. dxe5 Qxd1 10. Rxd1 Ng4
11. Nd5 Bc5 12. Nxc7+ Ke7 13. Nd4 Nxe5 14. Nxa8 Rd8 15. Nf5+ Ke8 16. Nc7+ Kf8 17. Rxd8#
1-0

[Event "large blitz knockout"]
[Site "SchemingMind.com"]
[Date "2007.06.01"]
[Round "-"]
[White "Scarian"]
[Black "swashbuckler"]
[Result "0-1"]
[WhiteCountry "GBR"]
[BlackCountry "GBR"]
[WhiteElo "1941"]
[WhiteRD "87"]
[BlackElo "1959"]
[BlackRD "79"]
[GameID "107524"]

1. e4 d5 2. exd5 Nf6 3. d4 Bg4 4. f3 Bf5 5. Bb5+ Nbd7 6. c4 e6 7. dxe6 Bxe6 8. d5 Bf5 9. Be3 Bb4+ 10. Nc3 Qe7
11. Qd2 O-O 12. g4 Rfe8 13. gxf5 Qxe3+ 14. Qxe3 Rxe3+ 15. Kd2 Rae8 16. Rc1 R8e7 17. Bxd7 Nxd7 18. a3 Bxc3+ 19. Rxc3 Re1 20. c5 Rb1
21. d6 cxd6 22. cxd6 Ree1
0-1

[Event "large blitz knockout"]
[Site "SchemingMind.com"]
[Date "2007.06.01"]
[Round "-"]
[White "NinjaPawn"]
[Black "masonking"]
[Result "1-0"]
[WhiteCountry "ENG"]
[BlackCountry "GBR"]
[WhiteElo "1838"]
[WhiteRD "90"]
[BlackElo "1670"]
[BlackRD "131"]
[GameID "107525"]

1. c4 d5 2. Nf3 d4 3. Qa4+ Bd7 4. Qb3 Nc6 5. d3 Nf6 6. g3 e5 7. Bg2 h6 8. O-O Bc5 9. Nbd2 O-O 10. a3 Rb8
11. Qc2 a5 12. Nb3 Ba7 13. Bd2 b6 14. Nc1 Re8 15. b4 Bf5 16. b5 e4 17. Nh4 exd3 18. exd3 Ne7 19. Nxf5 Nxf5 20. Nb3 Re7
21. Rae1 Qf8 22. Bh3 Rxe1 23. Rxe1 Ne7 24. Nxd4 Rd8 25. Qc3 Bb8 26. a4 Rd6 27. Bc1 c5 28. bxc6 Nxc6 29. Nf5 Re6 30. Nxh6+ gxh6
31. Bxe6 fxe6 32. Rxe6 Be5 33. Rxe5 Nxe5 34. Qxe5 h5 35. Bb2
1-0

[Event "large blitz knockout"]
[Site "SchemingMind.com"]
[Date "2007.06.01"]
[Round "-"]
[White "swashbuckler"]
[Black "Scarian"]
[Result "0-1"]
[WhiteCountry "GBR"]
[BlackCountry "GBR"]
[WhiteElo "1959"]
[WhiteRD "79"]
[BlackElo "1941"]
[BlackRD "87"]
[GameID "107527"]

1. f4 d5 2. b3 Bg4 3. Bb2 Nc6 4. Nf3 Bxf3 5. exf3 e6 6. Bb5 Qd7 7. O-O a6 8. Bxc6 Qxc6 9. Nc3 O-O-O 10. Ne2 Ne7
11. Rc1 Nf5 12. Ng3 Bc5+ 13. Kh1 Nxg3+ 14. hxg3 f6 15. d4 Ba7 16. c4 dxc4 17. Rxc4 Qd5 18. Qc2 Kb8 19. Rc1 c6 20. Qd2 e5
21. fxe5 fxe5 22. Qb4 exd4 23. Qe7 Rhe8 24. Qh4 Rd6 25. Qf4 g5 26. Qg4 Rh6+ 27. Kg1 d3+ 28. Bd4 d2 29. Rf1 Re1 30. Bxa7+ Kxa7
31. Qd4+ Qxd4+ 32. Rxd4 Rh1+
0-1

[Event "large blitz knockout"]
[Site "SchemingMind.com"]
[Date "2007.06.02"]
[Round "-"]
[White "masonking"]
[Black "NinjaPawn"]
[Result "1-0"]
[WhiteCountry "GBR"]
[BlackCountry "ENG"]
[WhiteElo "1670"]
[WhiteRD "131"]
[BlackElo "1838"]
[BlackRD "90"]
[GameID "107528"]

1. e4 c5 2. Nf3 Nc6 3. d4 cxd4 4. Nxd4 Nf6 5. Nxc6 bxc6 6. Bd3 e5 7. O-O Be7 8. c4 O-O 9. Nc3 Bc5 10. h3 d6
11. Bg5 Rb8 12. Rb1 Be6 13. Qf3 Qe7 14. a3 Bd4 15. Nd1 Rb3 16. Qe2 Rfb8 17. Be3 Bxe3 18. Nxe3 Nd7 19. f4 exf4 20. Rxf4 Qg5
21. Rf2 Nc5 22. Rd1 Bxh3 23. Rf3 Be6 24. Bc2 Rxb2 25. Rxd6 Nd7 26. Qd1 Ne5 27. Rg3 Qh4 28. Qd4 Nxc4 29. Qxg7#
1-0

[Event "large blitz knockout"]
[Site "SchemingMind.com"]
[Date "2007.06.02"]
[Round "-"]
[White "bdenley"]
[Black "Miael_"]
[Result "1-0"]
[WhiteCountry "USA"]
[BlackCountry "ARG"]
[WhiteElo "1677"]
[WhiteRD "67"]
[BlackElo "1541"]
[BlackRD "93"]
[GameID "107633"]

1. e4 e5 2. Nf3 Nc6 3. Nc3 Nf6 4. Bc4 Bc5 5. O-O d6 6. d3 Bg4 7. h3 Bh5 8. Bg5 h6 9. Bh4 Nd4 10. g4 Bg6
11. Nxd4 Bxd4 12. Kh1 Qd7 13. f4 exf4 14. Rxf4 O-O-O 15. Nb5 Be5 16. Rf2 a6 17. Nc3 Bd4 18. Rf3 Rhf8 19. Qd2 Rde8 20. Raf1 h5
21. g5 Ng4 22. hxg4 hxg4 23. Rf4 Rh8 24. Qe1 Be5 25. Nd5 Bxf4 26. Nxf4 b5 27. Nxg6
1-0

[Event "large blitz knockout"]
[Site "SchemingMind.com"]
[Date "2007.06.02"]
[Round "-"]
[White "chessleon"]
[Black "rougon"]
[Result "0-1"]
[WhiteCountry "NED"]
[BlackCountry "USA"]
[WhiteElo "1603"]
[WhiteRD "89"]
[BlackElo "1755"]
[BlackRD "66"]
[GameID "107634"]

1. c4 e6 2. d4 d5 3. g3 c5 4. Nf3 Nc6 5. cxd5 exd5 6. Bg2 Nf6 7. Nc3 Be6 8. Bg5 Be7 9. e3 O-O 10. O-O h6
11. Bxf6 Bxf6 12. dxc5 Bxc3 13. bxc3 Qa5 14. Qc2 Qxc5 15. Rfc1 Rac8 16. Nd4 Qc4 17. Nxc6 Rxc6 18. e4 Rfc8 19. exd5 Bxd5 20. Bxd5 Qxd5
21. Qb2 b6 22. Rd1 Qf3 23. Rd7 Rxc3 24. Rxa7 Rc2 25. Qxb6 Rc1+
0-1

[Event "large blitz knockout"]
[Site "SchemingMind.com"]
[Date "2007.06.03"]
[Round "-"]
[White "Miael_"]
[Black "bdenley"]
[Result "0-1"]
[WhiteCountry "ARG"]
[BlackCountry "USA"]
[WhiteElo "1526"]
[WhiteRD "96"]
[BlackElo "1617"]
[BlackRD "65"]
[GameID "107644"]

1. e4 c5 2. Nf3 Nc6 3. Bb5 Nf6 4. Bxc6 bxc6 5. Nc3 Ba6 6. d3 g6 7. O-O Bg7 8. Bd2 O-O 9. Re1 Rb8 10. b3 d6
11. e5 Nd5 12. Nxd5 cxd5 13. Qc1 f5 14. Bh6 c4 15. exd6 Qxd6 16. Bxg7 Kxg7 17. Qg5 h6 18. Qe3 cxd3 19. Qxe7+ Qxe7 20. Rxe7+ Rf7
21. Rxf7+ Kxf7 22. Ne5+ Kg7 23. Nxd3 d4 24. Rd1 Re8 25. Re1 Rxe1+ 26. Nxe1 Kf6 27. f4 g5 28. g3 Ke6
0-1

[Event "large blitz knockout"]
[Site "SchemingMind.com"]
[Date "2007.06.02"]
[Round "-"]
[White "rougon"]
[Black "chessleon"]
[Result "1-0"]
[WhiteCountry "USA"]
[BlackCountry "NED"]
[WhiteElo "1755"]
[WhiteRD "66"]
[BlackElo "1603"]
[BlackRD "89"]
[GameID "107645"]

1. e4 e6 2. d4 d5 3. Nc3 dxe4 4. Nxe4 Bd7 5. c4 Bc6 6. Bd3 Nd7 7. Nf3 Ngf6 8. Bg5 Be7 9. Nxf6+ Nxf6 10. Be2 O-O
11. O-O h6 12. Bh4 Qd6 13. Ne5 Rad8 14. Nxc6 bxc6 15. Bg3 Qd7 16. Be5 Qe8 17. Qa4 Nd7 18. Bxc7 Rc8 19. Qxa7 Ra8 20. Qb7 c5
21. d5 Nf6 22. d6
1-0

[Event "large blitz knockout"]
[Site "SchemingMind.com"]
[Date "2007.06.19"]
[Round "-"]
[White "hitman84"]
[Black "sidra"]
[Result "0-1"]
[WhiteCountry "IND"]
[BlackCountry "HUN"]
[WhiteElo "1702"]
[WhiteRD "116"]
[BlackElo "1735"]
[BlackRD "86"]
[GameID "109915"]

1. e4 e5 2. Nf3 d6 3. d4 exd4 4. Nxd4 a6 5. Nc3 c5 6. Nf3 h6 7. a4 Nc6 8. Bc4 Nf6 9. O-O Bg4 10. Be3 Ne5
11. Be2 Nxf3+ 12. Bxf3 Bxf3 13. Qxf3 Rb8 14. Rad1 Nd7 15. Bf4 Qb6 16. b3 Rd8 17. Nd5 Qc6 18. Rfe1 g5 19. e5 dxe5 20. Bxe5 Nxe5
21. Rxe5+ Be7
0-1

[Event "large blitz knockout"]
[Site "SchemingMind.com"]
[Date "2007.06.19"]
[Round "-"]
[White "sidra"]
[Black "hitman84"]
[Result "1-0"]
[WhiteCountry "HUN"]
[BlackCountry "IND"]
[WhiteElo "1735"]
[WhiteRD "86"]
[BlackElo "1702"]
[BlackRD "116"]
[GameID "109927"]

1. d4 Nf6 2. c4 g6 3. e3 Bg7 4. f3 d5 5. Nc3 O-O 6. Bd3 c5 7. Nge2 cxd4 8. Nxd4 e5 9. Nde2 d4 10. exd4 exd4
11. Nb5 Nc6 12. b3 a6 13. Na3 Be6 14. Bb2 Qd7 15. Nc2 Ne8 16. Ba3 Nd6 17. O-O Rfe8 18. Rb1 Rad8 19. Bxd6 Qxd6 20. a3 Ne5
21. Nexd4
1-0

[Event "large blitz knockout"]
[Site "SchemingMind.com"]
[Date "2007.06.20"]
[Round "-"]
[White "mebalse"]
[Black "rougon"]
[Result "1-0"]
[WhiteCountry "URU"]
[BlackCountry "USA"]
[WhiteElo "1958"]
[WhiteRD "81"]
[BlackElo "1777"]
[BlackRD "66"]
[GameID "110123"]

1. e4 e5 2. Nf3 Nc6 3. Bb5 a6 4. Bxc6 dxc6 5. d4 exd4 6. Nxd4 c5 7. Nf5 Qxd1+ 8. Kxd1 Nf6 9. Ng3 Bd6 10. Nc3 O-O
11. f3 b5 12. Ke2 Re8 13. b3 Bb7 14. Kf2 Rad8 15. Bb2 Be5 16. Rad1 Bd4+ 17. Ke2 b4 18. Na4 Bxb2 19. Nxb2 Nd5 20. Na4 Bc6
21. Kf2 Bxa4 22. exd5 Bd7 23. Rd2 Bc8 24. Ne4 c6 25. d6 Re6 26. Rhd1 Rh6 27. Nxc5 Bd7 28. Nxa6 Kf8 29. Kg1
1-0

[Event "large blitz knockout"]
[Site "SchemingMind.com"]
[Date "2007.06.20"]
[Round "-"]
[White "boutdem"]
[Black "time_pressure"]
[Result "0-1"]
[WhiteCountry "GRE"]
[BlackCountry "USA"]
[WhiteElo "1778"]
[WhiteRD "83"]
[BlackElo "2111"]
[BlackRD "76"]
[GameID "110124"]

1. f4 c5 2. Nf3 Nf6 3. g3 d5 4. d3 Bf5 5. Bg2 Nc6 6. c3 Qc7 7. O-O e6 8. Nh4 Bg4 9. h3 Bh5 10. g4 Nxg4
11. hxg4 Bxg4 12. Qc2 O-O-O 13. Nf3 Be7 14. Nbd2 Qxf4 15. Nb3 Qg3 16. Be3 Bh3 17. Rf2 Ne5 18. Nbd2 Ng4 19. Nf1 Nxe3 20. Nxe3 f5
21. Qa4 Kb8 22. Nf1 Qg4 23. Qxg4 Bxg4 24. Ne5 Bh5 25. Ng3 Be8 26. e3 Bd6 27. d4 h5 28. Ne2 Bxe5 29. dxe5 h4 30. Nf4 Bd7
31. Nh3 Rdg8 32. Rd1 g5 33. Rfd2 Bb5 34. b3 g4 35. Nf4 h3 36. Bf1 Bxf1 37. Kxf1 g3 38. Kg1 Rh6 39. c4 dxc4 40. bxc4 Kc8
41. Rd6 Rgh8
0-1

[Event "large blitz knockout"]
[Site "SchemingMind.com"]
[Date "2007.06.20"]
[Round "-"]
[White "rougon"]
[Black "mebalse"]
[Result "0-1"]
[WhiteCountry "USA"]
[BlackCountry "URU"]
[WhiteElo "1777"]
[WhiteRD "66"]
[BlackElo "1958"]
[BlackRD "81"]
[GameID "110135"]

1. d4 Nf6 2. c4 e6 3. Nc3 d5 4. Bg5 Nbd7 5. Nf3 h6 6. Bh4 g5 7. Bg3 Ne4 8. Qc2 Ndf6 9. e3 Nxc3 10. Qxc3 Ne4
11. Qb3 f6 12. Bd3 c6 13. h4 Nxg3 14. fxg3 g4 15. Nd2 f5 16. O-O-O Bd6 17. Nf1 Qc7 18. Kb1 Bxg3 19. cxd5 cxd5 20. Rc1 Qd6
21. Qa4+ Ke7 22. Qc2 Bd7 23. Nxg3 Qxg3 24. Qc7 Qxe3 25. Bb5 Rhd8 26. Qc5+ Kf6 27. Rce1 Qg3 28. Re5 Bxb5 29. Qxb5 Rab8 30. Rhe1 Rd6
31. Qc5 Rc6 32. Qxa7 Qd3+ 33. Ka1 Rbc8 34. a3 Rc1+ 35. Rxc1 Rxc1+
0-1

[Event "large blitz knockout"]
[Site "SchemingMind.com"]
[Date "2007.06.20"]
[Round "-"]
[White "time_pressure"]
[Black "boutdem"]
[Result "0-1"]
[WhiteCountry "USA"]
[BlackCountry "GRE"]
[WhiteElo "2056"]
[WhiteRD "79"]
[BlackElo "1760"]
[BlackRD "82"]
[GameID "110136"]

1. e4 c5 2. Nf3 d6 3. d4 cxd4 4. Nxd4 Nf6 5. Nc3 a6 6. Be3 Ng4 7. Bg5 h6 8. Bh4 g5 9. Be2 Ne5 10. Bg3 Bg7
11. O-O Nbc6 12. Nxc6 bxc6 13. Qd2 Rb8 14. Rfb1 Ng6 15. a3 O-O 16. b4 Qb6 17. Na4 Qd4 18. Qxd4 Bxd4 19. c3 Bg7 20. f3 Nf4
21. Bxf4 gxf4 22. Rc1 Bd7 23. Nb2 a5 24. Nc4 axb4 25. axb4 d5 26. Ra7 Rfd8 27. Na5 d4 28. Rd1 Be8 29. Rc7 dxc3 30. Rxd8 Rxd8
31. Nxc6 Rd7 32. Rc8 c2 33. Nxe7+ Rxe7 34. Bd3 Bd4+ 35. Kf1 Kg7 36. Bxc2 Bb5+ 37. Ke1 Ra7 38. Kd2 Ra3 39. Bd1 Bd3 40. Rd8 Bc3+
0-1

[Event "large blitz knockout"]
[Site "SchemingMind.com"]
[Date "2007.07.05"]
[Round "-"]
[White "tacticrules"]
[Black "capablanca"]
[Result "1-0"]
[WhiteCountry "GER"]
[BlackCountry "GER"]
[WhiteElo "1685"]
[WhiteRD "51"]
[BlackElo "1669"]
[BlackRD "59"]
[GameID "111786"]

1. Nf3 Nf6 2. c4 c5 3. g3 g6 4. Bg2 Bg7 5. O-O Nc6 6. Nc3 O-O 7. d4 cxd4 8. Nxd4 a6 9. Bg5 h6 10. Be3 Nxd4
11. Bxd4 d6 12. Rc1 Be6 13. Qa4 Rb8 14. Nd5 Nxd5 15. Bxg7 Bd7 16. Qd1 Ne3 17. fxe3 Kxg7 18. Qd4+ f6 19. e4 b5 20. cxb5 Bxb5
21. Rfe1 Rc8 22. e3 Qa5 23. a3 Rc7 24. b4
1-0